The corporate merger
| Other Authors: | , |
|---|---|
| Format: | Book |
| Published: |
London :
University of Chicago ,
1974
|
| Subjects: |
MARC
| LEADER | 00000cam a2200000 7i4500 | ||
|---|---|---|---|
| 001 | 0000000950 | ||
| 005 | 20050505.0 | ||
| 020 | |a 0226012336 | ||
| 040 | |a INS | ||
| 090 | 0 | 0 | |a HD2741. |b A55 1974 |
| 245 | 0 | 4 | |a The corporate merger |c William W. Alberts |
| 260 | |a London : |b University of Chicago , |c 1974 | ||
| 300 | |a xxvii, 285p. | ||
| 650 | 0 | 0 | |a Consolidation and merger of corporations |
| 700 | 1 | |a Segall., Joel E | |
| 700 | 1 | |a William W., Alberts | |
| 999 | |a 0000001075 |b BOOK |c Open Shelf |e Default branch | ||